Silvio José, rescatado /

Guardat en:
Dades bibliogràfiques
Autor principal: Alcázar, Paco (autor)
Format: Llibre
Idioma:espanyol
Publicat: Bilbao, España : Astiberri, 2015, c2015
Col·lecció:(Sillón Orejero)
Matèries:
Etiquetes: Afegir etiqueta
Sense etiquetes, Sigues el primer a etiquetar aquest registre!

MARC

LEADER 00000nam^a2200000^a^4500
001 000371454
005 20250521000000.0
009 20260310115932.48
020 |a 978-84-16251-04-9 
037 |a Acervo ITESO - Biblioteca 
041 |a ESP 
082 |a 741. 57  |b ALC 
100 |a Alcázar, Paco  |e (autor) 
245 1 0 |a Silvio José, rescatado /  |c P. Alcázar. 
246 2 |a Título en la cubierta: Silvio José rescatado: el buen parásito: ¡el tomo inédito de Silvio José que completa la serie! 
264 4 |a Bilbao, España :  |b Astiberri,  |c 2015, c2015 
300 |a 109 p. 
336 |a texto  |b txt  |2 rdacontenido 
337 |a sin mediación  |b n  |2 rdamedio 
338 |a volumen  |b nc  |2 rdasoporte 
440 1 |a (Sillón Orejero) 
649 |a XX 
650 |a Historietas y Caricaturas de Humor Negro 
650 |a Historietas y Caricaturas de Temas Políticos y Sociales 
650 |a Historietas y Caricaturas Españolas 
650 |a Medios de Comunicación 
650 |a Comunicación Masiva 
910 |a Fondo General 
920 |a Impresos - Libros 
930 |a Colección General 
905 |a 101 
901 |a 0500265705  |b IT1  |c ACC  |i C149249  |u 20250521 
902 |a https://opac.biblio.iteso.mx/vufind/Record/000371454